Bilecik Bilecik Bilecik Bilecik Bilecik

Yeni toplum : (Record no. 50470)

MARC details
000 -BAŞLIK
Sabit Uzunluktaki Kontrol Alanı 00833nam a22002777a 4500
001 - KONTROL NUMARASI
Control Dosyası 0050637
003 - KONTROL NUMARASI KİMLİĞİ
Kontrol Alanı KOHA_MİRAKIL
005 - EN SON İŞLEM TARİHİ ve ZAMANI
Kontrol Alanı 20260207003735.0
007 - FİZİKSEL TANIM SABİT ALAN - GENEL BİLGİ
Sabit uzunluklu kontrol alanı ta
008 - SABİT UZUNLUKTAKİ VERİ ÖGELERİ - GENEL BİLGİ
Sabit Alan 150629b2014 xx |||gr||||#||||0|tur |
020 ## - ISBN - ULUSLARARASI STANDART KİTAP NUMARASI
Isbn 9786054511990
040 ## - KATALOGLAMA KAYNAĞI
Özgün Kataloglama Kurumu TR-BiSEU
Kataloglama Dili tur
Çeviri Kurumu TR-BiSEU
Açıklama Kuralları rda
041 0# - DİL KODU
Metin ya da ses kaydının dil kodu tur
050 ## - SINIFLAMA ve YER NUMARASI
Sınıflama Numarası HX45
Yer Numarası .Y46 2014
245 0# - ESER ADI BİLDİRİMİ
Başlık Yeni toplum :
Alt Eseradı vb. sosyal demokrat dünyadan düşünceler/
Sorumluluk Bildirimi Derleyen Aydın Cıngı.
264 #1 - ÜRERİM, YAYIN, DAĞITIM ve TELİF BİLDİRİMİ
Yayın yeri İstanbul :
Yayınlayan Kalkedon
Yayın tarihi 2014
300 ## - FİZİKSEL TANIMLAMA
Sayfa, Cilt vb. 146 sayfa ;
Boyutları 20 cm
336 ## - İÇERİK TÜRÜ
Content type term metin
Content type code txt
Source rdacontent
337 ## - MEDYA TÜRÜ
Media type term aracısız
Media type code n
Source rdamedia
338 ## - TAŞIYICI TÜRÜ
Carrier type term cilt
Carrier type code nc
Source rdacarrier
490 1# - DİZİ BİLDİRİMİ
Dizi Bildirimi Kalkedon yayıncılık ;
Cilt Numarası 259.
490 1# - DİZİ BİLDİRİMİ
Dizi Bildirimi SODEV Kitaplığı ;
Cilt Numarası 14
830 1# - SERİ EK GİRİŞİ - TEKBİÇİM ESER ADI
Tekbiçim Başlık Kalkedon yayıncılık ;
Volume number/sequential designation 259.
9 (RLIN) 93580
830 1# - SERİ EK GİRİŞİ - TEKBİÇİM ESER ADI
Tekbiçim Başlık SODEV Kitaplığı ;
Volume number/sequential designation 14
9 (RLIN) 93678
942 ## - EK GİRİŞ ÖGELERİ (KOHA)
Source of classification or shelving scheme Library of Congress Classification
Koha item type Book
Holdings
Materyal Türü Kalıcı Konum Mevcut Konum Raf Yeri Sınıflandırma Kaynağı Edinim Bilgisi Ana Konular Alt Konular Yer Numarası Demirbaş Numarası Fatura Tarihi Maliyet, Alış Fiyatı Maliyet, Yenileme Fiyatı Geri Çekilme Durumu Kayıp Durumu Hasarlı Durumu Kredi için değil Kayıt Tarih Toplam Ödünçverme Son Görülme Tarihi Son Kontrol Tarihi Satın Alma Notu
Book Prof. Dr. Azmi Özcan Kütüphanesi Prof. Dr. Azmi Özcan Kütüphanesi Uluğbey Salonu Library of Congress Classification Satın SOSYAL BİLİMLER Sosyalizm, Komünizm, Anarşizm HX45 .Y46 2014 0050637 07/07/2015 8.69 8.69         29/06/2015   05/12/2024 05/12/2024 B-984687 - B-984797